25 Films par Citations #1 - Statistiques

Statistiques générales
  • Ce quiz a été pris 334 fois
  • Le résultat moyen est 14 sur 25
Statistiques - réponses
Hint Réponse % Correct
"Que la force soit avec toi." Star Wars
99%
“Hakuna Matata!” Le Roi Lion
92%
"Vers l'infini et au delà !" Toy Story
92%
“Je suis le roi du monde !” Titanic
89%
“Vous ne passerez pas !” Le Seigneur des Anneaux
86%
“La vie, c’est comme une boîte de chocolats : on ne sait jamais sur quoi on va tomber.” Forrest Gump
85%
"Vous savez, moi je ne crois pas qu'il y ait de bonne ou de mauvaise situation." Astérix & Obélix : Mission Cléopâtre
80%
“Tu prends la pilule rouge, tu restes au Pays des Merveilles et je te montre jusqu'où va le terrier." Matrix
80%
“Vous n'êtes plus au Kansas. Vous êtes sur Pandora.” Avatar
79%
“La première règle du ____ ____ est : il est interdit de parler du _____ ____.” Fight Club
79%
"Un grand pouvoir implique de grandes responsabilités." Spider-Man
75%
"L’ennemi est dangereux Maverick, mais toi, t’es pire que l’ennemi… tu es dangereux et con !" Top Gun
73%
“Puisse le sort vous être favorable.” Hunger Games
64%
"Asgard n'est pas un lieu... C'est un peuple." Thor
64%
“Rapide comme l'éclair, puissant comme la foudre !” Cars
55%
“Je vais lui faire une offre qu’il ne pourra pas refuser.” Le Parrain
50%
“Je t’aime plus que trois fois mille.” Avengers: Endgame
36%
"WICKED est bon" Le Labyrinthe
32%
“L’amour est la seule chose qu’on soit capables de percevoir qui transcende les dimensions du temps et de l’espace.” Interstellar
29%
“Soit on meurt en héros, soit on vit assez longtemps pour se voir endosser le rôle du méchant.” The Dark Knight
27%
"Je ne vis que pour les 400 mètres d’une course, tout le reste m’est égal… car pendant ces 10 secondes… je suis libre !" Fast & Furious
21%
"Alors les bavaroises, ça va ? Toujours en tracteur ?" Taxi
20%
"Redrum... Redrum..." The Shining
17%
"S'il peut saigner, on peut le tuer." Predator
12%
"Tout ce que j’ai dans ce monde, c’est mes couilles et ma parole. Et je les brise pour personne." Scarface
5%
Aucun quiz correspondant
Distribution des résultats
% des personnes avec chaque résultat
Percentile par nombre de réponses
Votre historique - résultats
Vous n’avez pas pris ce quiz